000 00570nam a2200205Ia 4500
005 20250425162746.0
008 250425s9999 xx 000 0 und d
020 _a9586152200
041 _aspa
082 _a658
110 _aHARAVARD BUSINESS REVIEW
245 0 _aESTRATEGIAS DE HARVARD: EL VALOR DE LAS ESTRUCTURAS Y EL ELEMENTO HUMANO EN LAS ESTRATEGIAS DE MERCADOTECNIA
250 _a1A ED.
260 _aBOGOTA
260 _aColombia
_bEDUCAR CULTURAL RECREATIVA
_c1987
300 _a110
650 _aADMINISTRACION
942 _c01
010 _a105903
999 _c235835
_d235835